000 00812nam a22001935i 4500
001 161082
003 ES-MaACL
005 20230906212206.0
008 970902s1870 sp |||| | spa d
040 _aCLM
_bspa
_cCCPB | SIC
100 1 _aOrtega y Frias, F.
_9130703
245 1 3 _aLa escuela del poeta
_b: Arte elemental teórico-práctico de poesía lírica, épica y dramática /
_cpor F. Ortega y Frías.
260 _aBadajoz :
_b[s.n.],
_c1870 (
_fImprenta de José Santamaría y Navarro)
300 _a179 p. ;
_c20 cm.
650 4 _aRetórica.
_916882
650 4 _aPoética.
_916254
852 _aES-MaACL
_jT-700-F-3
_z-- Enc. hol.
_z-- Ex-libris ms. de Gustavo Saenz Díez
_q-- Falto de la cub. original
_z-- Enc. en un vol. facticio
852 _aES-MaACL
_jT-193-F-4
_z.- Enc. en un vol. facticio
999 _c161082
_d161082